LEADER 00875nam0-22003011i-450- 001 990005460550403321 005 20050715134206.0 010 $a0-521-20205-1 035 $a000546055 035 $aFED01000546055 035 $a(Aleph)000546055FED01 035 $a000546055 100 $a19990604d1974----km-y0itay50------ba 101 0 $aeng 105 $ay-------001yy 200 1 $a<>Rump Parliament 1648-1653$fBlair Worden 210 $aCambridge$cCambridge University Press$dc1974 215 $aXII, 427 p.$d20 cm 676 $a942.063$v21$zita 700 1$aWorden,$bBlair$0211334 801 0$aIT$bUNINA$gRICA$2UNIMARC 901 $aBK 912 $a990005460550403321 952 $a942.063 WOR 1$bST.MED.MOD. 6754$fFLFBC 952 $a942.063 WOR 1 BIS$bST.MED.MOD. 8701$fFLFBC 959 $aFLFBC 996 $aRump Parliament 1648-1653$9588547 997 $aUNINA LEADER 00794nam0-2200301---450- 001 990009716960403321 005 20130416164646.0 035 $a000971696 035 $aFED01000971696 035 $a(Aleph)000971696FED01 035 $a000971696 100 $a20130416d1990----km-y0itay50------ba 101 0 $aita 102 $aIT 105 $aa-------001yy 200 1 $a<>vitamine$ebiochimica, fisiologia, nutrizione, terapia$fAlberto Fidanza 210 $aRoma$cAgnesotti$dstampa 1990 215 $a318 p.$cill.$d24 cm 610 0 $aVitamine 676 $a615.328 700 1$aFidanza,$bAlberto$0359086 801 0$aIT$bUNINA$gRICA$2UNIMARC 901 $aBK 912 $a990009716960403321 952 $aC 4$fDMVTO 959 $aDMVTO 996 $aVitamine$9843733 997 $aUNINA LEADER 01791nam0 22003733i 450 001 VAN0241600 005 20220509092351.210 017 70$2N$a9783319119069 100 $a20220228d2015 |0itac50 ba 101 $aeng 102 $aCH 105 $a|||| ||||| 200 1 $aCO2 Sequestration, Biofuels and Depollution$feditors Eric Lichtfouse, Jan Schwarzbauer, Didier Robert 210 $aCham$cSpringer$d2015 215 $aXIII, 388 p.$cill.$d24 cm 410 1$1001VAN0237443$12001 $aEnvironmental Chemistry for a Sustainable World$1210 $aCham, Singapore$cSpringer$d2012-$v5 620 $aCH$dCham$3VANL001889 676 $a632.1$cDanni causati da fattori ambientali. Cambiamenti climatici$v22 676 $a660.6$cBiotecnologia. Microbiologia applicata$v22 676 $a577.14$cChimica ambientale$v22 676 $a628$cIngegneria ambientale. Sostenibilità dell'ambiente$v22 676 $a333.794$cRisorse di energia rinnovabili$v22 702 1$aLichtfouse$bEric$3VANV194555 702 1$aRobert$bDidier$3VANV197663 702 1$aSchwarzbauer$bJan$3VANV195865 712 $aSpringer $3VANV108073$4650 801 $aIT$bSOL$c20240614$gRICA 856 4 $uhttps://rd.springer.com/book/10.1007/978-3-319-11906-9$zE-book - Accesso al full-text attraverso riconoscimento IP di Ateneo, proxy e/o Shibboleth 899 $aBIBLIOTECA DEL DIPARTIMENTO DI SCIENZE E TECNOLOGIE AMBIENTALI BIOLOGICHE E FARMACEUTICHE$1IT-CE0101$2VAN17 912 $fN 912 $aVAN0241600 950 $aBIBLIOTECA DEL DIPARTIMENTO DI SCIENZE E TECNOLOGIE AMBIENTALI BIOLOGICHE E FARMACEUTICHE$d17CONS e-book 2219 $e17BIB2219/5 5 20220228 996 $aCO2 Sequestration, Biofuels and Depollution$92268938 997 $aUNICAMPANIA